01175nas a2200277Ia 4500001001600000003001000016008004100026040002500067041001300092100003200105210002400137222002400161245005700185250001100242260000900253501012300262300001400385362002700399500021000426650002600636700001100662942000700673957000600680999003300686952017800719A50/R174-41868 IT-MiCISF161014c99999999xx |||||||||||| ||und|| aIT-MiCISFcIT-MiCISF aITALIANO aMauro Pastorino Anna Maria  aCronache e opinioni aCronache e opinioni 0aCIF 1945-2005...e oltre, le storie, le voci, i volti a1a ed. c2005 bCISF - Centro Internazionale Studi Famiglia - Via Giotto, 36 20145 MILANO (non commercial uses only)cCopyright 2016 app. 2-132 an. 12, dicembre [2005] aLombardi P.A., Brunero Carena M.M., Truccato M.L., Riccobaldi G., Maggi Poisetti I., Branca N., Volpi Rossi G., Billi M., Bonizzato G.... Tema: volontariato, donna, associazioni, esperienze, storia, chiesa avolontariatovrivista aAA.VV. cCR 71 a41868bSig1c228673d228673 0010406A_50_000000000000000_R1744186871aCISFbCISFd2016-10-14l0oA50/R174-41868 r2016-10-14 00:00:00w2016-10-14yCRzData import 15.10.2016 / by Epidotti, Vaglietti